| 000 -LEADER |
| fixed length control field |
00613nam a2200181 a 4500 |
| 001 - CONTROL NUMBER |
| control field |
:::00006860$&:&@@ |
| 003 - CONTROL NUMBER IDENTIFIER |
| control field |
OkBaRHE |
| 005 - DATE AND TIME OF LATEST TRANSACTION |
| control field |
20100401150622.0 |
| 008 - FIXED-LENGTH DATA ELEMENTS--GENERAL INFORMATION |
| fixed length control field |
s1995 j 000 0 eng u |
| 040 ## - CATALOGING SOURCE |
| Transcribing agency |
|
| 100 1# - MAIN ENTRY--PERSONAL NAME |
| Personal name |
Bierly, Steve R. |
| 245 10 - TITLE STATEMENT |
| Title |
Help for the small-church pastor: |
| Remainder of title |
unlocking the potential of your congregation. |
| 260 ## - PUBLICATION, DISTRIBUTION, ETC. (IMPRINT) |
| Place of publication, distribution, etc |
Grand Rapids MI., : |
| Name of publisher, distributor, etc |
Zondervan Publishing House |
| Date of publication, distribution, etc |
c1995 |
| 300 ## - PHYSICAL DESCRIPTION |
| Extent |
144 p. ; |
| Dimensions |
20 cm. |
| 650 ## - SUBJECT ADDED ENTRY--TOPICAL TERM |
| Topical term or geographic name as entry element |
Pastoral theology |
| 942 ## - ADDED ENTRY ELEMENTS (KOHA) |
| Source of classification or shelving scheme |
|
| Koha item type |
Books |